कणव (Record no. 405268)

MARC details
000 -LEADER
fixed length control field 00374nam a2200145Ia 4500
008 - FIXED-LENGTH DATA ELEMENTS--GENERAL INFORMATION
fixed length control field 100122s9999 xx 000 0 und d
082 ## - DEWEY DECIMAL CLASSIFICATION NUMBER
Item number 14925
Classification number 823.08
100 ## - MAIN ENTRY--PERSONAL NAME
Personal name देसाई रणजित
245 ## - TITLE STATEMENT
Title कणव
260 ## - PUBLICATION, DISTRIBUTION, ETC. (IMPRINT)
Name of publisher, distributor, etc देशमुख आणि कंपनी
Date of publication, distribution, etc 1960
300 ## - PHYSICAL DESCRIPTION
Extent 421
630 ## - SUBJECT ADDED ENTRY--UNIFORM TITLE
Uniform title कणव
730 ## - ADDED ENTRY--UNIFORM TITLE
Uniform title कणव
942 ## - ADDED ENTRY ELEMENTS (KOHA)
Koha item type Book
Holdings
Withdrawn status Lost status Damaged status Not for loan Home library Current library Date acquired Cost, normal purchase price Total Checkouts Full call number Barcode Date last seen Cost, replacement price Price effective from Koha item type Public note
        S.V. Pathak Library, Vile Parle S.V. Pathak Library, Vile Parle 01/01/1969 10.00   14925 SVPPARLE-14925 01/25/2010 10.00 01/25/2010 Book 4)किंमत वसुल General Lost